| 000 | 00602nam a22001937a 4500 | ||
|---|---|---|---|
| 999 |
_c190025 _d190025 |
||
| 005 | 20220715162737.0 | ||
| 010 | _aENG-133611 | ||
| 020 |
_c750.00 _a9789390961429 |
||
| 035 | _aEN-117143 | ||
| 037 | _bDBAD/PUB | ||
| 082 | _a793.31954 | ||
| 100 | _aNarayan,Shovana | ||
| 245 |
_aKathak Lok: _cby Shovana Narayan and Geetika Kalha _bTemple,Tradition,and History/ |
||
| 260 |
_aNew Delhi _c2022 _bVitasta Publishing |
||
| 270 |
_a2/15 Ansari Road,Daryaganj, _bNew Delhi _e110002 |
||
| 300 |
_axvii;346p. _c24cm(Hb) |
||
| 700 | _aKalha,Geetika | ||
| 942 |
_2ddc _cEN _h793.31954 _mNAR |
||